| 000 | 02191nam a22003857a 4500 | ||
|---|---|---|---|
| 005 | 20260420131349.0 | ||
| 008 | 180221b xxu||||| |||| 00| 0 eng d | ||
| 040 | _cPK-LaUMT | ||
| 082 |
_aZIAC 297.05 _bISR-M |
||
| 100 | 0 |
_aIsrar Ahmad _911091 |
|
| 245 | 1 | 0 |
_aمسلمانوں پر قرآن مجید کے حقوق / _bاسرار احمد |
| 246 | _aMusalmanon per Quran Majeed kay Haqooq / Israr Ahmad | ||
| 246 | 1 | 0 | _aجرنیلی آمریت کے جرائم / پروفیسر خورشید احمد |
| 246 | 1 | 0 | _aJarnaili amriyat ke jaraim / Professor Khurshid Ahmad |
| 246 | 1 | 0 | _aقادیانیوں کی طرف سے کلمہ طیبہ کی توہین / محمد یوسف لدھیانوی |
| 246 | 1 | 0 | _aQadianio ki taraf se Kalma Tayyaba ki toheen / Muhammad Yousaf Ludhyanvi |
| 246 | 1 | 0 | _aتفسیر سورت الحدید / سید ابو الاعلٰی مودودی |
| 246 | 1 | 0 | _aTafseer Surah Al-Hadid / Syed Abul Ala Maududi |
| 246 | 1 | 0 | _aدارالاسلام : ایک تحقیقی جائزہ / ریحانہ قریشی |
| 246 | 1 | 0 | _aDar-ul-Islam : aik tehqiqi jaiza / Rehana Qureshi |
| 246 | 1 | 0 | _aدیوانِ غالب : صحیح صورت حال / سید معین الرحمٰن |
| 246 | 1 | 0 | _aDeewan-e-Ghalib : Sahi Surat Hall / Syed Moin Ul Din |
| 246 | 1 | 0 | _aمولوی محمد شریف : علم و معرفت کے تناظر میں / محمد جاوید اقبال چدھڑ |
| 246 | 1 | 0 | _aMaulvi Muhammad Shareef : Ilm o Marfat ke tanazar main / Muhammad Javed Iqbal Chadhar |
| 246 | 1 | 0 | _aرحلت التقویٰ : رہنمائے حج و تقوٰی / محمد وقاص |
| 246 | 1 | 0 | _aRehlat Ul Taqwa : rehnuma-e-Hajj o Umrah / Muhammad Waqas |
| 246 | 1 | 0 | _aمولانا مودودی کی دورِ امارت کی چند جھلکیاں / عاصم نعمانی |
| 246 | 1 | 0 | _aMaulana Maududi ki daur Amarat ki chand jhalkian / Asim Naumani |
| 246 | 1 | 0 | _aمولانا مودودی مرحوم اور میں / ڈاکٹر اسرار احمد |
| 246 | 1 | 0 | _aMaulana Maududi aur main / Dr. Israr Ahmad |
| 260 |
_aLahore : _bMarkaz e Anjuman e Khaddam Ul Quran, _c1974 |
||
| 300 | _aThis volume consists of 11 books bound in one. | ||
| 546 | _aEng | ||
| 942 | _cBK | ||
| 999 |
_c103606 _d103606 |
||